000 01235nam a2200337 i 4500
003 EG-GICUC
005 20260308222708.0
008 260308s1989 ua ||||fr|||| 00| 0 ara d
017 _a88/8611
020 _a9773671801
040 _a EG-GICUC
_bara
_c EG-GICUC
_d EG-GICUC
_erda
041 _aara
082 0 4 _221
_a343.91
_bم ص . ت
092 0 4 _221
099 _aLaw1 10 343.91 م ص . ت 1989
100 0 _a مصطفى مجدي هرجه
_eمؤلف.
245 1 2 _aالتعليق على قانون الطوارئ في ضوء الفقه والقضاء /
_cالمستشار مصطفى مجدي هرجه..
264 1 _aالقاهرة :
_bدار الثقافة للطباعة،
_c1989.
300 _a154 صفحة ;
_c24 سم.
336 _2rda content
_atext
337 _2rda media
_aComputer
338 _2rda carrier
_aOnline Resource
504 _aيشتمل على إرجاعات ببليوجرافية.
546 _aالنص باللغة العربية
650 1 _aالقانون الجنائي
650 1 _aالنظام الجنائي الإسلامي
650 1 _aقانون الطوارئ
856 4 0 _uhttps://fll.law.cu.edu.eg/fulltext/bks/B10-08314.pdf
905 _a43
942 _2ddc
_n0
_cBK
_e21
999 _c65852
_d65852